000 00427nmm a2200157Ia 4500
008 251105s9999||||xx |||||||||||||||||und||
041 _aspa
100 _aGuirao, Olga
245 0 _aBellísimo Hervé
264 _a[Madrid, España] :
_bEditorial Egales,
_c2021
300 _a270 páginas
490 _aNarrativa
650 _aSpanish narrative
856 _uhttps://public.digitaliapublishing.com/a/136984
942 _cCF
999 _c100264
_d100264